000 00456cam a22001934a 4500
005 20250605164247.0
008 250528s ||||||||||||||||||||||||d
035 _a21570
020 _a9780471751670
040 _aGR-AtMCL
_bgre
_dGR-AtMCL
_eAACR2
245 1 _aPROJECT MANAGEMENT / CASES STUDIES
250 _a2
260 _bWiley,
_c2006
300 _a659
700 1 _aKerzner Harold
_97534
942 _cBK
999 _c6631
_d6631